| 000 | 00000nam 2200000zi 4500 |
| 001 | 9.913468 |
| 003 | CaOODSP |
| 005 | 20240212144324 |
| 006 | m o d f |
| 007 | cr mn||||||||| |
| 008 | 220715t20232023nkca ob f000 0 eng d |
| 020 | |a9780660446141 |
| 040 | |aCaOODSP|beng|erda|cCaOODSP |
| 043 | |an-cn--- |
| 086 | 1 |aFo103-4/4-2022E-PDF |
| 245 | 00|aBalsam fir sawfly. |
| 264 | 1|a[Fredericton, N.B.] : |bNatural Resources Canada = Ressources naturelles Canada, |c[2023] |
| 264 | 4|c©2023 |
| 300 | |a1 online resource (2 unnumbered pages) : |bcolour illustrations. |
| 336 | |atext|btxt|2rdacontent |
| 337 | |acomputer|bc|2rdamedia |
| 338 | |aonline resource|bcr|2rdacarrier |
| 490 | 1 |aPest notes ; |vno. 4 |
| 500 | |aIssued also in French under title: Diprion du sapin. |
| 500 | |aIssued by: Atlantic Forestry Centre. |
| 504 | |aIncludes bibliographical references. |
| 520 | |a"The balsam fir sawfly (Neodiprion abietis) is a native defoliating insect of fir and spruce trees in Canada. Unlike spruce budworm, balsam fir sawfly prefers older needles, and feeding often leaves trees with a "lion's tail appearance" as older needles fall, and younger needles remain. This document describes the biology of the insect, type of damage caused, and the use of a sprayable formulation of a naturally occurring virus called AbietivTM as a management option for control of balsam fir sawfly"--Provided by publisher. |
| 650 | 0|aNeodiprion|zCanada. |
| 650 | 0|aNeodiprion|xControl|zCanada. |
| 710 | 2 |aAtlantic Forestry Centre, |eissuing body. |
| 775 | 08|tDiprion du sapin.|w(CaOODSP)9.913472 |
| 830 | #0|aPest notes (Atlantic Forestry Centre)|vno. 4.|w(CaOODSP)9.913463 |
| 856 | 40|qPDF|s1.43 MB|uhttps://publications.gc.ca/collections/collection_2024/rncan-nrcan/Fo103-4-4-2022-eng.pdf |